Utility airports; (Record no. 528961)

000 -LEADER
fixed length control field 00823cam a2200253 4500
001 - CONTROL NUMBER
control field 1711464
003 - CONTROL NUMBER IDENTIFIER
control field NUST
005 - DATE AND TIME OF LATEST TRANSACTION
control field 20190917073159.0
008 - FIXED-LENGTH DATA ELEMENTS--GENERAL INFORMATION
fixed length control field 701202s1969 dcuabk b 000 0 eng
010 ## - LIBRARY OF CONGRESS CONTROL NUMBER
LC control number 70601829
038 ## - RECORD CONTENT LICENSOR
Staff Name MSOHAIL
040 ## - CATALOGING SOURCE
Original cataloging agency DLC
Transcribing agency DLC
Modifying agency DLC
050 00 - LIBRARY OF CONGRESS CALL NUMBER
Classification number TL725.3.P5
Item number U527
082 00 - DEWEY DECIMAL CLASSIFICATION NUMBER
Classification number 629.13613
110 1# - MAIN ENTRY--CORPORATE NAME
Corporate name or jurisdiction name as entry element United States.
Subordinate unit Federal Aviation Administration.
9 (RLIN) 20802
245 10 - TITLE STATEMENT
Title Utility airports;
Remainder of title air access to national transportation.
260 ## - PUBLICATION, DISTRIBUTION, ETC.
Place of publication, distribution, etc. Washington;
Name of publisher, distributor, etc. For sale by the Supt. of Docs., U.S. Govt. Print. Off.,
Date of publication, distribution, etc. 1968 [i.e. 1969]
300 ## - PHYSICAL DESCRIPTION
Extent vii, 128 p.
Other physical details illus. (part fold.), forms, map.
Dimensions 26 cm.
350 ## - PRICE (NR) (BK AM CF MU VM SE) [OBSOLETE]
Price 1.75
504 ## - BIBLIOGRAPHY, ETC. NOTE
Bibliography, etc. note Bibliography: p. 127-128.
650 #0 - SUBJECT ADDED ENTRY--TOPICAL TERM
Topical term or geographic name entry element Airports
General subdivision Planning.
9 (RLIN) 7047
906 ## - LOCAL DATA ELEMENT F, LDF (RLIN)
a 7
b cbc
c orignew
d 4
e ncip
f 19
g y-gencatlg
942 ## - ADDED ENTRY ELEMENTS (KOHA)
Source of classification or shelving scheme
Koha item type Book
Holdings
Withdrawn status Lost status Source of classification or shelving scheme Damaged status Not for loan Permanent Location Current Location Date acquired Total Checkouts Full call number Barcode Date last seen Price effective from Koha item type
          School of Civil and Environmental Engineering (SCEE) School of Civil and Environmental Engineering (SCEE) 09/17/2019   629.13613 NIT-10603 09/17/2019 09/17/2019 Book
© 2023 Central Library, National University of Sciences and Technology. All Rights Reserved.